000 00800nam a2200301Ia 4500
001 6825
005 20240113233942.0
007 ta
008 050701s1971 a g b000 u eng u
020 _a0-87692-008-3
040 _aCotton College Assam
041 _aeng
082 _a001.64
_bRa 137 Co
100 _aRajaraman, V. .
245 0 _aComputer Oriented Numerical Methods /
_cV. Rajaraman.
_hTextual Documents
250 _a1st ed /
260 _aNew Delhi :
_bPrentice-Hall of India(Pvt Ltd) ,
_c1971.
300 _a117p. :
_bill. ;
_c26cm. .
504 _aIndex
653 _aComputer Science
653 _aNumerical Methods
653 _aG-Mathematics
653 _aT/G-Mathematics
942 _2ddc
_cBK
999 _c6812
_d6812